Atlas metódico para la enseñanza de la geografía de la república mexicana /

Guardado en:
Bibliografiske detaljer
Hovedforfatter: García Cubas, Antonio (autor)
Format: Bog
Sprog:spansk
Udgivet: México : Imprenta de Sandoval y Vázquez, 1874
Tags: Tilføj Tag
Ingen Tags, Vær først til at tagge denne postø!

MARC

LEADER 00000nam^a2200000^a^4500
001 000616314
005 20250625000000.0
009 20260310133718.367
025 |a Donación Robles Martínez, 1 ejemplar 
037 |a Acervo ITESO - Biblioteca 
041 |a ESP 
091 |a FRM. 00692 
100 |a García Cubas, Antonio  |e (autor) 
245 1 0 |a Atlas metódico para la enseñanza de la geografía de la república mexicana / 
264 1 |a México :  |b Imprenta de Sandoval y Vázquez,  |c 1874 
300 |a 1 v. [88 p.] 
336 |a texto  |b txt  |2 rdacontenido 
337 |a sin mediación  |b n  |2 rdamedio 
338 |a volumen  |b nc  |2 rdasoporte 
649 |a XX 
910 |a Fondo Robles Martínez 
920 |a Impresos - Libros 
930 |a Libros Antiguos y Raros 
905 |a 108 
901 |a 616314-10  |b IT2  |c LRA  |i D64900  |u 20250625 
902 |a https://opac.biblio.iteso.mx/vufind/Record/000616314